Statistics for Countries that have the most 1st level subdivisions

Click here to take the quiz!

General Stats

  • This quiz has been taken 24 times
  • The average score is 8 of 15

Answer Stats

SubdivisionsCountry% Correct
89Russia
95%
50United States
91%
51Japan
68%
81Turkey
68%
76Thailand
64%
58Algeria
59%
47Indonesia
59%
58Vietnam
55%
212Slovenia
50%
136Uganda
50%
64Iceland
36%
47Kenya
36%
41Romania
36%
70Azerbaijan
32%
80North Macedonia
23%

Score Distribution

Percentile by Number Answered

Percent of People with Each Score

Your Score History

You have not taken this quiz